LIBRARY & INFORMATION CENTRE, KCAET, TAVANUR

ONLINE PUBLIC ACCESS CATALOGUE (OPAC)

History of Oriya literature / (Record no. 6543)

MARC details
000 -LEADER
fixed length control field 00445cam a2200181ua 4500
041 ## - LANGUAGE CODE
Language code of text/sound track or separate title eng
082 ## - DEWEY DECIMAL CLASSIFICATION NUMBER
Classification number 828.09
Item number MAY/HI
100 ## - MAIN ENTRY--AUTHOR NAME
Personal name Mayadhar , Mansinha .
245 ## - TITLE STATEMENT
Title History of Oriya literature /
250 ## - EDITION STATEMENT
Edition statement 1 /
260 ## - PUBLICATION, DISTRIBUTION, ETC. (IMPRINT)
Place of publication New Delhi :
Name of publisher Sahitya Academy ,
Year of publication 1962.
300 ## - PHYSICAL DESCRIPTION
Number of Pages 282 ; .
942 ## - ADDED ENTRY ELEMENTS (KOHA)
Koha item type Books
Holdings
Withdrawn status Lost status Damaged status Home library Current library Date acquired Full call number Accession Number Koha item type Public note
Withdrawn     KAUAET KAUAET 07/04/2012 828.09 3645 Books Deleted
free website counter